| 000 | 01016nam0a22002891 4500 | ||
|---|---|---|---|
| 001 | rc\4943366 | ||
| 005 | 20250613043823.0 | ||
| 021 |
_aRU _b[63-83197] |
||
| 035 | _a(NLR Aleph) 008949709 | ||
| 090 |
_a8995439 _c8995439 |
||
| 100 | _a20130426d1963 |||y0rusy50 ca | ||
| 101 | 0 | _arus | |
| 102 | _aRU | ||
| 105 | _aa z ||||| | ||
| 200 | 1 |
_aПлазменное напыление и плазменная обработка металлов _e(По материалам зарубежной печати) |
|
| 210 |
_a[Москва] _cБ. и. _d1963 |
||
| 215 |
_a71 с. _cил. _d21 |
||
| 300 | _aСост. указаны на обороте тит. л. | ||
| 320 | _aБиблиогр. в конце книги (12 назв.) | ||
| 606 |
_aПлазменная обработка металлов _2psbo |
||
| 700 | 1 |
_aФилиппкин _bА.Т. _4220 |
|
| 701 | 1 |
_aПичета _bК.В. _4220 |
|
| 801 | 0 |
_aRU _bNLR _gpsbo |
|
| 801 | 1 |
_aRU _bELAR _2rusmarc |
|
| 852 |
_aNLR _j63-6/12835 |
||
| 942 | _cBOOK | ||
| 980 | _aNB | ||